000 00458nam a2200157 i 4500
001 104788
003 ES-MaACL
005 20230906183703.0
007 t|
008 051212s1963 sp ||||1| spa d
100 1 _aMiravalles, Luis.
_981567
245 1 0 _aDel llanto y la esperanza
_b: (20 poemas) 1960-1962 /
_cLuis Miravalles.
260 _aVivero (Lugo) :
_bGráf. Neera,
_c1963.
300 _a50 p. ;
_c22 cm.
852 _aES-MaACL
_j2036-F-5
_bR.52541
999 _c104788
_d104788